| 000 | 01579cam a22002894a 4500 | ||
|---|---|---|---|
| 001 | 15448007 | ||
| 005 | 20090901082546.0 | ||
| 008 | 080911s2009 maua b 001 0 eng | ||
| 010 | _a 2008040367 | ||
| 020 | _a0123746299 | ||
| 020 | _a9780123746290 (alk. paper) | ||
| 040 |
_aDLC _cDLC _dDLC |
||
| 050 | 0 | 0 |
_aQA76.9.D343 _bD38345 2009 |
| 082 | 0 | 0 |
_a005.74 _222 _bCHA |
| 245 | 0 | 0 |
_aData Mining : _bknow It All / _cSoumen Chakrabarti ... [et al.]. |
| 260 |
_aBurlington, MA : _bElsevier/Morgan Kaufmann Publishers, _cc2009. |
||
| 300 |
_axiii, 460 p. : _bill. ; _c25 cm. |
||
| 500 | _aIncludes Index. | ||
| 504 | _aIncludes bibliographical references and index. | ||
| 505 | 0 | _aWhat's it all about? -- Data acquisition and integration -- Data preprocessing -- Physical design for decision support, warehousing, and OLAP -- Algorithms, the basic methods -- Further techniques in decision analysis -- Fundamental concepts of genetic algorithms -- Data structures and algorithms for moving objects types -- Improving the model -- Social network analysis. | |
| 650 | 0 |
_aData mining. _911687 |
|
| 700 | 1 |
_aChakrabarti, Soumen. _911688 |
|
| 856 | 4 | 1 |
_3Table of contents only _uhttp://www.loc.gov/catdir/toc/ecip0828/2008040367.html |
| 942 |
_2ddc _cBB |
||
| 999 |
_c13462 _d13462 |
||